Petijazycny slovnik ; barvy, laky, povrchova uprava, korose. [Five language dictionary: paints, lacquers and varnishes, surface treatment, corrosion.
| Other Authors: | , |
|---|---|
| Format: | Book |
| Language: | Czech English Russian German French |
| Published: |
Praha :
Statni nakl. technicke literatury,
1959.
|
| Edition: | Vyd. 2.]. |
| Subjects: |
MARC
| Tag | First Indicator | Second Indicator | Subfields |
|---|---|---|---|
| LEADER | 00000cam a2200000 4500 | ||
| 001 | in00000091005 | ||
| 005 | 20151008063849.0 | ||
| 008 | 770401s1959 cs b 00100 cze | ||
| 010 | |a 60037933 | ||
| 035 | |a (OCoLC)02855453 | ||
| 035 | |9 AAK3072AM | ||
| 040 | |a DLC |c BKM |d TXA |d UtOrBLW | ||
| 041 | 0 | |a cze |a eng |a rus |a ger |a fre | |
| 049 | |a TXAM |c [1026159] | ||
| 050 | 0 | 0 | |a TP934.3 |b .P4 1959 |
| 245 | 0 | 0 | |a Petijazycny slovnik ; |b barvy, laky, povrchova uprava, korose. [Five language dictionary: paints, lacquers and varnishes, surface treatment, corrosion. |
| 250 | |a Vyd. 2.]. | ||
| 264 | 1 | |a Praha : |b Statni nakl. technicke literatury, |c 1959. | |
| 300 | |a 436 pages ; |c 17 cm. | ||
| 336 | |a text |b txt |2 rdacontent | ||
| 337 | |a unmediated |b n |2 rdamedia | ||
| 338 | |a volume |b nc |2 rdacarrier | ||
| 500 | |a At head of title: Robert Santholzer, Jan Korinsky. | ||
| 500 | |a Title, preface and notes also in English, Russian, German, and French; indexes in Russian, German, English, and French. | ||
| 504 | |a Bibliography: pages 427-436. | ||
| 650 | 0 | |a Paint |x Dictionaries |x Polyglot. | |
| 650 | 0 | |a Lacquer and lacquering |x Dictionaries |x Polyglot. | |
| 650 | 0 | |a Corrosion and anti-corrosives |x Dictionaries |x Polyglot. | |
| 650 | 0 | |a Czech language |v Dictionaries |x Polyglot. | |
| 700 | 1 | |a Santholzer, Robert. | |
| 700 | 1 | |a Kořinský, Jan. | |
| 740 | 0 | |a Five language dictionary. | |
| 999 | |a MARS | ||
| 999 | f | f | |s c0a5f5fb-6d66-3465-839a-c9634256229e |i cd4a6017-95cb-371f-bc1c-3d92aa454f1c |t 0 |
| 952 | f | f | |p ric |a Texas A&M University |b Rellis Campus |c Joint Library Facility |d Remote Storage |t 0 |e TP934.3 .P4 1959 |h Library of Congress classification |i unmediated -- volume |m A14806257783 |
| 998 | f | f | |a TP934.3 .P4 1959 |t 0 |l Remote Storage |